ARRUPE JESUIT UNIVERSITY

CORONAVIRUS -STOP THE SPREAD - CLEAN,DISINFECT,COVER

The Rhineland mystics : (Record no. 118358)

MARC details
000 -LEADER
fixed length control field 01208cam a2200301 a 4500
001 - CONTROL NUMBER
control field 3400217
003 - CONTROL NUMBER IDENTIFIER
control field ARRUPE
005 - DATE AND TIME OF LATEST TRANSACTION
control field 20131015140941.0
008 - FIXED-LENGTH DATA ELEMENTS--GENERAL INFORMATION
fixed length control field 890705s1990 nyu b 000 0 eng
010 ## - LIBRARY OF CONGRESS CONTROL NUMBER
LC control number 89037396
020 ## - INTERNATIONAL STANDARD BOOK NUMBER
International Standard Book Number 0824509943 :
Terms of availability $12.95
040 ## - CATALOGING SOURCE
Original cataloging agency DLC
Transcribing agency DLC
Modifying agency DLC
041 1# - LANGUAGE CODE
Language code of text/sound track or separate title eng
Language code of original and/or intermediate translations of text gerlat
043 ## - GEOGRAPHIC AREA CODE
Geographic area code er-----
050 00 - LIBRARY OF CONGRESS CALL NUMBER
Classification number BV5082.2
Item number .R486 1990
300 ## - PHYSICAL DESCRIPTION
Dimensions 20 cm.
100 ## - MAIN ENTRY--PERSONAL NAME
Personal name Oliver Davies
9 (RLIN) 2573
245 04 - TITLE STATEMENT
Title The Rhineland mystics :
Remainder of title writings of Meister Eckhart, Johannes Tauler, and Jan van Ruusbroec and selections from the Theologia Germanica and the Book of spiritual poverty /
Statement of responsibility, etc edited, introduced, and translated by Oliver Davies.
260 ## - PUBLICATION, DISTRIBUTION, ETC. (IMPRINT)
Place of publication, distribution, etc New York :
Name of publisher, distributor, etc Crossroad,
Date of publication, distribution, etc 1990.
300 ## - PHYSICAL DESCRIPTION
Extent 129 p. ;
440 #0 - SERIES STATEMENT/ADDED ENTRY--TITLE
Title Spiritual classics
9 (RLIN) 2574
504 ## - BIBLIOGRAPHY, ETC. NOTE
Bibliography, etc Includes bibliographical references (p. 127-129).
650 #0 - SUBJECT ADDED ENTRY--TOPICAL TERM
Topical term or geographic name as entry element Mysticism
Geographic subdivision Rhine River Valley
General subdivision History
Chronological subdivision Middle Ages, 600-1500.
9 (RLIN) 2575
700 0# - ADDED ENTRY--PERSONAL NAME
Personal name Eckhart,
Titles and other words associated with a name Meister,
Dates associated with a name -1327.
9 (RLIN) 2576
700 1# - ADDED ENTRY--PERSONAL NAME
Personal name Davies, Oliver,
Dates associated with a name 1956-
9 (RLIN) 2577
906 ## - LOCAL DATA ELEMENT F, LDF (RLIN)
a 7
b cbc
c orignew
d 1
e ocip
f 19
g y-gencatlg
942 ## - ADDED ENTRY ELEMENTS (KOHA)
Source of classification or shelving scheme Library of Congress Classification
Koha item type Monograph ( Printed materials)
Holdings
Withdrawn status Lost status Source of classification or shelving scheme Damaged status Not for loan Collection code Home library Current library Shelving location Date acquired Total Checkouts Full call number Barcode Date last seen Price effective from Koha item type
    Library of Congress Classification     Main Collection ARRUPE LIBRARY ARRUPE LIBRARY Main Collection 15/10/2013   BV5082.2 .R486 1990 46411020 24/01/2017 15/10/2013 Monograph ( Printed materials)

 

Arrupe Library. PO Box MP320 Mt Pleasant, Harare, Zimbabwe
263 242 745411|librarian@aju.ac.zw